MARC details
| 000 -LEADER |
| fixed length control field |
01081nam a2200241Ia 4500 |
| 003 - CONTROL NUMBER IDENTIFIER |
| control field |
IN-BaIIA |
| 008 - FIXED-LENGTH DATA ELEMENTS--GENERAL INFORMATION |
| fixed length control field |
211028s9999 xx 000 0 eng d |
| 040 ## - CATALOGING SOURCE |
| Transcribing agency |
IIA Library |
| 080 ## - UNIVERSAL DECIMAL CLASSIFICATION NUMBER |
| Universal Decimal Classification number |
52-74(082.2) |
| Item number |
CHA |
| 111 ## - MAIN ENTRY--MEETING NAME |
| Meeting name or jurisdiction name as entry element |
Symposium on the Universe at Ultraviolet Wavelengths the First Two Years of International Ultraviolet Explorer |
| Location of meeting |
Maryland |
| Date of meeting or treaty signing |
1980 May 7-9 |
| 9 (RLIN) |
12884 |
| 245 #4 - TITLE STATEMENT |
| Title |
The universe at ultraviolet wavelengths the first two years of International ultraviolet explorer |
| Remainder of title |
proceedings of a symposium held at Maryland, USA, 7-9 May 1980 |
| Statement of responsibility, etc. |
edited by R. D. Chapman |
| 260 ## - PUBLICATION, DISTRIBUTION, ETC. |
| Place of publication, distribution, etc. |
Washington |
| Name of publisher, distributor, etc. |
National Aeronautics and Space Administration |
| Date of publication, distribution, etc. |
1981 |
| 300 ## - PHYSICAL DESCRIPTION |
| Extent |
xiii, 824p. |
| 490 ## - SERIES STATEMENT |
| Series statement |
NASA conference publication; 271 |
| 500 ## - GENERAL NOTE |
| General note |
Donated by Mrs. Bappu |
| 650 ## - SUBJECT ADDED ENTRY--TOPICAL TERM |
| Topical term or geographic name entry element |
Astronomy |
| 9 (RLIN) |
80 |
| 650 ## - SUBJECT ADDED ENTRY--TOPICAL TERM |
| Topical term or geographic name entry element |
Astronomy and astrophysics thesaurus |
| 650 ## - SUBJECT ADDED ENTRY--TOPICAL TERM |
| Topical term or geographic name entry element |
Space astronomy |
| 9 (RLIN) |
3005 |
| 650 ## - SUBJECT ADDED ENTRY--TOPICAL TERM |
| Topical term or geographic name entry element |
Ultra-violet astronomy |
| 9 (RLIN) |
11718 |
| 700 ## - ADDED ENTRY--PERSONAL NAME |
| Personal name |
Chapman, R. D., ed. |
| 9 (RLIN) |
12885 |
| 710 ## - ADDED ENTRY--CORPORATE NAME |
| Corporate name or jurisdiction name as entry element |
National Aeronautics and Space Administration |
| 9 (RLIN) |
4960 |
| 942 ## - ADDED ENTRY ELEMENTS (KOHA) |
| Koha item type |
Books |